00430 2200169 4500001002100000008004100021035002000062245002900082100002200111260004000133300001100173020002200184084001600206082000800222650001200230990001800242INLIS000000000000929 ind  a0010-0724000929 aHutancL.Colvin,E.Speare aL.Colvin,E.Speare aJakartabPT.GADING INTI PRIMAc2009 a57 hlm a978-979-3846-98-9 a557.3 CPL h a557 aEkologi aP29/CP/24/929